LIBRARY & INFORMATION CENTRE, KCAET, TAVANUR

ONLINE PUBLIC ACCESS CATALOGUE (OPAC)

Machine Drawing (Record no. 14382)

MARC details
000 -LEADER
fixed length control field 00402nam a22001697a 4500
020 ## - INTERNATIONAL STANDARD BOOK NUMBER
ISBN 9788175157088
082 ## - DEWEY DECIMAL CLASSIFICATION NUMBER
Classification number 621.8152
Item number KHA/MA
100 ## - MAIN ENTRY--AUTHOR NAME
Personal name Khaliq,Abdul
100 ## - MAIN ENTRY--AUTHOR NAME
Personal name Parvez, ,M
100 ## - MAIN ENTRY--AUTHOR NAME
Personal name Khan,R.K
100 ## - MAIN ENTRY--AUTHOR NAME
Personal name Krishna Kumar
245 ## - TITLE STATEMENT
Title Machine Drawing
250 ## - EDITION STATEMENT
Edition statement 2 nd
260 ## - PUBLICATION, DISTRIBUTION, ETC. (IMPRINT)
Place of publication New Delhi
Name of publisher Galgotia Publications Pvt.
Year of publication 2012
300 ## - PHYSICAL DESCRIPTION
Number of Pages 430
942 ## - ADDED ENTRY ELEMENTS (KOHA)
Koha item type Books
Holdings
Withdrawn status Lost status Damaged status Collection code Home library Current library Shelving location Date acquired Source of acquisition Cost, normal purchase price Full call number Accession Number Koha item type
        KAUAET KAUAET General Stacks 30/03/2013 Aman Book Stall, Calicut 295.00 621.8152 KHA/MA 24076 Books
free website counter